[Event "EU-ch Blitz"]
[Site "Katowice"]
[Date "2022.12.16"]
[Round "9"]
[White "Buchicchio, Giampaolo"]
[Black "Kosteniuk, Alexandra"]
[Result "0-1"]
[WhiteElo "2259"]
[BlackElo "2520"]
[PlyCount "41"]
[EventDate "2022.12.16"]
[EventType "swiss (blitz)"]
[EventRounds "22"]
[EventCountry "POL"]
[SourceTitle "CBM 211 Extra"]
[Source "ChessBase"]
[SourceDate "2023.01.31"]
[SourceVersion "1"]
[SourceVersionDate "2023.01.31"]
[SourceQuality "1"]

1. e4 c6 2. Nc3 d5 3. Nf3 dxe4 4. Nxe4 Nf6 5. Nxf6+ exf6 6. d4 Bd6 7. Bd3 0-0 8. Be3 Re8 9. Qd2 Nd7 10. 0-0 Nf8 11. Nh4 g6 12. Rfe1 Ne6 13. c4 f5 14. Nxf5 gxf5 15. Bxf5 Qf6 16. Bc2 Bd7 17. a4 a5 18. c5 Bc7 19. Ra3 Kh8 20. Qd3 Qg7 21. Qd2 0-1

[Event "London Classic op 7th"]
[Site "London"]
[Date "2015.12.10"]
[Round "8"]
[White "Buchicchio, Giampaolo"]
[Black "Georgescu, Tiberiu Marian"]
[Result "0-1"]
[WhiteElo "2313"]
[BlackElo "2453"]
[PlyCount "106"]
[EventDate "2015.12.04"]
[EventType "swiss"]
[EventRounds "9"]
[EventCountry "ENG"]
[SourceTitle "CBM 169 Extra"]
[Source "ChessBase"]
[SourceDate "2015.12.18"]
[SourceVersion "1"]
[SourceVersionDate "2015.12.18"]
[SourceQuality "1"]

1. e4 g6 2. d4 Bg7 3. Nc3 d6 4. f4 a6 5. Nf3 b5 6. a4 b4 7. Nd5 a5 8. Bd3 Bb7 9. c4 e6 10. Ne3 c5 11. d5 Nd7 12. dxe6 fxe6 13. f5 exf5 14. exf5 Ne5 15. Nd5 Bxd5 16. cxd5 c4 17. Be2 Nxf3+ 18. Bxf3 Qe7+ 19. Kf1 Nf6 20. fxg6 0-0 21. Qd4 Nd7 22. gxh7+ Kh8 23. Qxc4 Ne5 24. Qe4 Qd7 25. h3 Rae8 26. Bf4 Nxf3 27. Qxf3 Rxf4 28. Qxf4 Rf8 29. Qxf8+ Bxf8 30. Ke2 Qe8+ 31. Kd3 Qg6+ 32. Kc4 Qe4+ 33. Kb5 Qxd5+ 34. Kb6 Qd4+ 35. Kxa5 Qc5+ 36. Ka6 Qc6+ 37. Ka7 Bg7 38. a5 Bxb2 39. Rad1 Qc5+ 40. Ka6 Qc4+ 41. Kb7 Qb5+ 42. Kc7 Be5 43. Rhf1 Qxa5+ 44. Kd7 Qb5+ 45. Ke7 Qb7+ 46. Ke8 Qb5+ 47. Ke7 Kxh7 48. g4 b3 49. h4 Qb7+ 50. Kd8 b2 51. g5 Kg6 52. Rh1 Kf5 53. g6 Ke6 0-1

[Event "London Classic op 7th"]
[Site "London"]
[Date "2015.12.06"]
[Round "4"]
[White "Buchicchio, Giampaolo"]
[Black "Jones, Steven"]
[Result "1/2-1/2"]
[WhiteElo "2313"]
[BlackElo "2160"]
[PlyCount "167"]
[EventDate "2015.12.04"]
[EventType "swiss"]
[EventRounds "9"]
[EventCountry "ENG"]
[SourceTitle "CBM 169 Extra"]
[Source "ChessBase"]
[SourceDate "2015.12.18"]
[SourceVersion "1"]
[SourceVersionDate "2015.12.18"]
[SourceQuality "1"]

1. e4 c5 2. c3 d5 3. exd5 Qxd5 4. d4 Nc6 5. Nf3 cxd4 6. cxd4 e5 7. Nc3 Bb4 8. Be2 Nxd4 9. Bd2 Bxc3 10. Bxc3 Nxf3+ 11. Bxf3 Qxd1+ 12. Rxd1 f6 13. Ba5 Be6 14. Rc1 Rc8 15. 0-0 b6 16. Rxc8+ Bxc8 17. Rc1 Ne7 18. Bb4 a5 19. Ba3 Bd7 20. Rc7 Kd8 21. Rb7 Nc8 22. Bd5 Re8 23. f3 f5 24. b4 Nd6 25. Rxb6 Nb5 26. Bb2 axb4 27. Bc4 Na3 28. Bb3 Nb5 29. Bc4 Na3 30. Bb3 Nb5 31. Ba4 Nc7 32. Rb8+ Ke7 33. Rxb4 Bxa4 34. Rxa4 Kd6 35. f4 exf4 36. Bxg7 Nd5 37. Ra6+ Kc5 38. Kf2 Nb4 39. Ra3 Nd5 40. h3 Kc4 41. Ra4+ Kb5 42. Rd4 Kc5 43. Rd2 Kc4 44. Rd4+ Kc5 45. Rd2 Kc4 46. Bb2 Nb4 47. Rd4+ Kc5 48. Rd2 Kc4 49. Rd4+ Kc5 50. a3 Nd5 51. Rd2 Rg8 52. Be5 Rg3 53. Rc2+ Kb5 54. Bd4 Ka4 55. Rc5 Ne7 56. Rc7 Ng6 57. Ra7+ Kb5 58. a4+ Kc4 59. Bf6 Ra3 60. a5 Ra2+ 61. Kf1 Kd5 62. Bc3 Nh4 63. Rd7+ Kc4 64. Rd2 Ra3 65. Bf6 Ng6 66. Rd4+ Kc5 67. Rd7 Rxa5 68. Rxh7 Kd5 69. h4 Ne5 70. Bxe5 Kxe5 71. Rb7 Ra6 72. Rb3 Ke4 73. Rb4+ Ke5 74. Rb3 Ra1+ 75. Kf2 Rh1 76. Rb5+ Ke4 77. Rb4+ Ke5 78. Rb5+ Ke4 79. Rb4+ Ke5 80. Kf3 Rf1+ 81. Ke2 Rh1 82. Rb5+ Ke4 83. Rb4+ Ke5 84. Rb5+ 1/2-1/2

[Event "London Classic op 7th"]
[Site "London"]
[Date "2015.12.04"]
[Round "1"]
[White "Edwards, Simon R"]
[Black "Buchicchio, Giampaolo"]
[Result "0-1"]
[WhiteElo "1945"]
[BlackElo "2313"]
[PlyCount "76"]
[EventDate "2015.12.04"]
[EventType "swiss"]
[EventRounds "9"]
[EventCountry "ENG"]
[SourceTitle "CBM 169 Extra"]
[Source "ChessBase"]
[SourceDate "2015.12.18"]
[SourceVersion "1"]
[SourceVersionDate "2015.12.18"]
[SourceQuality "1"]

1. e4 c5 2. Nf3 Nc6 3. d4 cxd4 4. Nxd4 e5 5. Nb5 d6 6. c4 Be7 7. N1c3 a6 8. Na3 Be6 9. Nd5 Rc8 10. Bd3 Bg5 11. 0-0 h6 12. b4 Bxd5 13. exd5 Bxc1 14. Rxc1 Nd4 15. Qa4+ Kf8 16. f4 e4 17. Bxe4 Ne2+ 18. Kh1 Nxc1 19. Rxc1 Nf6 20. Bf5 Rc7 21. b5 g6 22. Bb1 Qc8 23. Qb4 Rc5 24. bxa6 bxa6 25. Qb6 Kg7 26. Qxd6 Rd8 27. Qe7 Rcxd5 28. h3 Rd1+ 29. Rxd1 Rxd1+ 30. Kh2 Qb8 31. Qe5 Qb4 32. Qe3 Rxb1 33. Nxb1 Qxb1 34. c5 Qxa2 35. c6 Qc4 36. Qb6 Nd5 37. Qb2+ Kh7 38. Qb7 Qxf4+ 0-1

[Event "BCF-chT1b 1516 (4NCL)"]
[Site "England"]
[Date "2015.11.14"]
[Round "1.183"]
[White "Strugnell, Carl"]
[Black "Buchicchio, Giampaolo"]
[Result "1-0"]
[WhiteElo "2242"]
[BlackElo "2334"]
[PlyCount "81"]
[EventDate "2015.11.14"]
[EventType "team-swiss"]
[EventRounds "11"]
[EventCountry "ENG"]
[SourceTitle "CBM 169 Extra"]
[Source "ChessBase"]
[SourceDate "2015.12.18"]
[SourceVersion "1"]
[SourceVersionDate "2015.12.18"]
[SourceQuality "1"]
[WhiteTeam "South Wales Dragons"]
[BlackTeam "Barbican II"]
[WhiteTeamCountry "ENG"]
[BlackTeamCountry "ENG"]

1. e4 c5 2. Nc3 Nc6 3. Bb5 Nd4 4. Nf3 Nxb5 5. Nxb5 d6 6. d4 Nf6 7. Nc3 Bg4 8. Be3 cxd4 9. Qxd4 e5 10. Qd3 Be7 11. Bg5 Nh5 12. Bxe7 Qxe7 13. Nd5 Qd7 14. Nd2 0-0 15. Nc4 f5 16. Qb3 Kh8 17. h3 fxe4 18. hxg4 Qxg4 19. Qh3 Nf6 20. Nxf6 Qxh3 21. Rxh3 Rxf6 22. Rd1 Raf8 23. Rxd6 Rxf2 24. Rd8 Rf1+ 25. Ke2 R1f2+ 26. Ke3 Rxd8 27. Kxf2 b5 28. Ne3 g6 29. Ke2 b4 30. Ng4 Rc8 31. c3 Rc5 32. Nf6 Kg7 33. Nxe4 Ra5 34. cxb4 Rxa2 35. Rb3 a5 36. Nc3 Ra1 37. b5 a4 38. Rb4 a3 39. bxa3 Rxa3 40. b6 Ra8 41. b7 1-0

[Event "London Classic op 6th"]
[Site "London"]
[Date "2014.12.14"]
[Round "8"]
[White "Johansson, Toni"]
[Black "Buchicchio, Giampaolo"]
[Result "0-1"]
[WhiteElo "2062"]
[BlackElo "2301"]
[PlyCount "110"]
[EventDate "2014.12.08"]
[EventType "swiss"]
[EventRounds "9"]
[EventCountry "ENG"]
[SourceTitle "CBM 163 Extra"]
[Source "ChessBase"]
[SourceDate "2014.12.23"]
[SourceVersion "1"]
[SourceVersionDate "2014.12.23"]
[SourceQuality "1"]

1. c4 Nf6 2. g3 c6 3. Bg2 d5 4. b3 Bf5 5. Bb2 e6 6. d3 h6 7. Nf3 Nbd7 8. 0-0 Bh7 9. Nbd2 Bc5 10. a3 a5 11. Bc3 0-0 12. b4 Bb6 13. Qb3 Bc7 14. Qb2 Re8 15. Ne5 Nb6 16. Nef3 Na4 17. Qb3 Nxc3 18. Qxc3 e5 19. cxd5 cxd5 20. Rac1 Bd6 21. e4 axb4 22. axb4 Qe7 23. Qb3 b5 24. exd5 Ra4 25. Ne1 Rxb4 26. Qa2 Rd4 27. Qb3 Rb4 28. Qa2 Bf5 29. Nc2 Ra4 30. Qb3 Bd7 31. Rfe1 Qd8 32. Ne4 Nxe4 33. dxe4 Qb6 34. Bf1 Rb8 35. Bd3 Qa5 36. Ne3 Ra3 37. Qd1 Qa7 38. Re2 g6 39. Rec2 Qd4 40. Rd2 Qa7 41. Ng4 Kg7 42. Qf3 f5 43. Ne3 f4 44. gxf4 exf4 45. e5 Re8 46. exd6 fxe3 47. fxe3 Bg4 48. Rc7+ Qxc7 49. dxc7 Bxf3 50. d6 Bc6 51. Be4 Bd7 52. Bc6 Bxc6 53. d7 Bxd7 54. Rxd7+ Kf6 55. Rd8 Ra8 0-1

[Event "London Classic op 6th"]
[Site "London"]
[Date "2014.12.13"]
[Round "7"]
[White "Buchicchio, Giampaolo"]
[Black "Hector, Jonny"]
[Result "0-1"]
[WhiteElo "2301"]
[BlackElo "2477"]
[PlyCount "54"]
[EventDate "2014.12.08"]
[EventType "swiss"]
[EventRounds "9"]
[EventCountry "ENG"]
[SourceTitle "CBM 163 Extra"]
[Source "ChessBase"]
[SourceDate "2014.12.23"]
[SourceVersion "1"]
[SourceVersionDate "2014.12.23"]
[SourceQuality "1"]

1. e4 e5 2. d4 exd4 3. Nf3 Nc6 4. Nxd4 Qf6 5. Be3 Bc5 6. c3 Qg6 7. Qe2 Nxd4 8. Bxd4 Bxd4 9. cxd4 Ne7 10. Nc3 0-0 11. 0-0-0 d5 12. exd5 Re8 13. Qd2 Bf5 14. f3 Qd6 15. Bc4 a6 16. g4 Bg6 17. h4 h6 18. h5 Bh7 19. Ne4 Qd8 20. g5 hxg5 21. Rdg1 Nf5 22. Rxg5 Kh8 23. Qf4 Nd6 24. Rxg7 Kxg7 25. Rg1+ Kh8 26. Nf6 Qe7 27. Kd1 Nxc4 0-1

[Event "London Classic op 6th"]
[Site "London"]
[Date "2014.12.10"]
[Round "3"]
[White "Buchicchio, Giampaolo"]
[Black "Arnetta, Maria Teresa"]
[Result "1-0"]
[WhiteElo "2301"]
[BlackElo "2027"]
[PlyCount "207"]
[EventDate "2014.12.08"]
[EventType "swiss"]
[EventRounds "9"]
[EventCountry "ENG"]
[SourceTitle "CBM 163 Extra"]
[Source "ChessBase"]
[SourceDate "2014.12.23"]
[SourceVersion "1"]
[SourceVersionDate "2014.12.23"]
[SourceQuality "1"]

1. e4 e5 2. d4 exd4 3. Nf3 Nc6 4. Nxd4 Bb4+ 5. c3 Bc5 6. Be3 Bb6 7. g3 Nf6 8. Bg2 0-0 9. 0-0 Re8 10. Re1 Ne5 11. Bf4 d6 12. h3 Ng6 13. Bg5 h6 14. Bxf6 Qxf6 15. Na3 Ne5 16. Nac2 Bd7 17. Ne3 c6 18. f4 Ng6 19. Qb3 Nf8 20. Rad1 Ne6 21. Qc4 Nc5 22. Ng4 Bxg4 23. hxg4 Nxe4 24. Rxe4 Rxe4 25. Bxe4 d5 26. Bxd5 cxd5 27. Qxd5 Rd8 28. Qe4 Qd6 29. Kg2 Qd7 30. Qf3 Qa4 31. a3 Bxd4 32. Rxd4 Rxd4 33. cxd4 Qxd4 34. Qxb7 Qd2+ 35. Kh3 Qe1 36. Qa8+ Kh7 37. Qd5 Qf1+ 38. Qg2 Qd1 39. Qe4+ Kg8 40. b4 Qf1+ 41. Kh2 Qa6 42. Qe3 Qa4 43. Qd3 a6 44. Kg2 Qc6+ 45. Kf2 Qe6 46. Kf3 g6 47. Qe2 Qb3+ 48. Qe3 Qd1+ 49. Qe2 Qb3+ 50. Qe3 Qd1+ 51. Ke4 Qxg4 52. Kd3 Qd1+ 53. Kc4 Qc2+ 54. Kd5 h5 55. Kd6 Qc8 56. Qe5 Qb8+ 57. Kd5 Qb5+ 58. Kd4 Qf1 59. Qe8+ Kg7 60. Qe5+ Kg8 61. Qe3 Qb5 62. Kc3 Qa4 63. Kd4 Qc2 64. Qd3 Qc6 65. Qc4 Qa4 66. Qc3 Qd7+ 67. Kc4 Qe6+ 68. Kd3 Qa2 69. Kd4 Qe2 70. Qd3 Qf2+ 71. Ke5 Qb2+ 72. Kd5 Qg2+ 73. Kc5 Qb7 74. Qd8+ Kg7 75. Qd4+ Kg8 76. Qd8+ Kg7 77. Qb6 Qe7+ 78. Qd6 Qa7+ 79. Qb6 Qe7+ 80. Qd6 Qa7+ 81. Kd5 Qb7+ 82. Qc6 Qa7 83. Qc3+ Kg8 84. Kc6 Qb8 85. Qd3 Qa7 86. a4 Qa8+ 87. Kb6 Qb8+ 88. Ka5 Qc7+ 89. Kxa6 Qc6+ 90. Ka5 Qa8+ 91. Kb5 Qe8+ 92. Ka5 Qa8+ 93. Kb5 Qe8+ 94. Kc5 Qxa4 95. b5 Qa7+ 96. b6 Qe7+ 97. Kc6 Qe1 98. Qd8+ Kg7 99. Qd4+ Kg8 100. Qe5 Qxg3 101. b7 Qg2+ 102. Kb6 Qf2+ 103. Qc5 Qb2+ 104. Kc7 1-0

[Event "4NCL-chT rapid"]
[Site "Daventry"]
[Date "2014.10.04"]
[Round "4.1"]
[White "Varnam, Liam"]
[Black "Buchicchio, Giampaolo"]
[Result "0-1"]
[WhiteElo "2124"]
[BlackElo "2295"]
[PlyCount "89"]
[EventDate "2014.10.04"]
[EventType "team-swiss (rapid)"]
[EventRounds "7"]
[EventCountry "ENG"]
[SourceTitle "CBM 162 Extra"]
[Source "ChessBase"]
[SourceDate "2014.10.17"]
[SourceVersion "1"]
[SourceVersionDate "2014.10.17"]
[SourceQuality "1"]
[WhiteTeam "Grantham II"]
[BlackTeam "Barbican II"]
[WhiteTeamCountry "ENG"]
[BlackTeamCountry "ENG"]

1. e4 b6 2. d4 Bb7 3. Nc3 e6 4. Nf3 c5 5. d5 Nf6 6. Bc4 Na6 7. Qe2 Nc7 8. d6 Bxd6 9. e5 Be7 10. exf6 Bxf6 11. Nb5 Nxb5 12. Bxb5 a6 13. Bd3 b5 14. c3 g5 15. 0-0 h5 16. Be3 d6 17. a4 c4 18. Bc2 e5 19. Rad1 Qe7 20. axb5 axb5 21. Ra1 Rb8 22. Ra5 0-0 23. Rfa1 Bc6 24. Nd2 g4 25. Bh6 Rfc8 26. Ne4 Bh8 27. Ra7 Rb7 28. Qe3 f5 29. Bg5 Qe6 30. Ng3 Rf8 31. Rxb7 Bxb7 32. Nxh5 Qd5 33. f3 f4 34. Bxf4 gxf3 35. Bg3 f2+ 36. Qxf2 Rxf2 37. Kxf2 Qxg2+ 38. Ke3 Qxc2 39. Rg1 Qd3+ 40. Kf2 Qd2+ 41. Kf1 Qd3+ 42. Ke1 Qe3+ 43. Kf1 Kf7 44. Bf2 Qh3+ 45. Ke1 0-1

[Event "Sunningdale e2e4 op 04"]
[Site "Ascot"]
[Date "2014.04.20"]
[Round "6"]
[White "Buchicchio, Giampaolo"]
[Black "Wadsworth, Matthew J"]
[Result "1-0"]
[WhiteElo "2343"]
[BlackElo "2200"]
[PlyCount "91"]
[EventDate "2014.04.17"]
[EventType "swiss"]
[EventRounds "9"]
[EventCountry "ENG"]
[SourceTitle "CBM 159 Extra"]
[Source "ChessBase"]
[SourceDate "2014.04.24"]
[SourceVersion "1"]
[SourceVersionDate "2014.04.24"]
[SourceQuality "1"]

1. e4 c6 2. Nc3 d5 3. Qf3 Nf6 4. e5 Nfd7 5. Qg3 e6 6. d4 c5 7. dxc5 Nc6 8. Nf3 Nxc5 9. Be3 Nd7 10. Bd3 a6 11. h4 Qc7 12. Bf4 Nc5 13. 0-0 b5 14. Bxb5 axb5 15. Nxb5 Qb6 16. Nd6+ Bxd6 17. Qxg7 Rf8 18. exd6 Ba6 19. Rfb1 Ne4 20. Be3 Qb4 21. Ng5 Nxg5 22. Bxg5 Qxd6 23. b3 Kd7 24. c4 d4 25. Qxh7 Ne5 26. Qc2 Bb7 27. Rd1 Kc7 28. Qd2 Rg8 29. Qf4 d3 30. c5 Qd5 31. f3 Kc6 32. b4 Raf8 33. a4 f6 34. b5+ Kxc5 35. Bxf6 Nxf3+ 36. Kh1 e5 37. Qh6 Ne1 38. Be7+ Kd4 39. Qb6+ Kc3 40. Qc7+ Bc6 41. Rac1+ Nc2 42. Qa5+ Kd4 43. Rxc2 Rxg2 44. Qb4+ Ke3 45. Bc5+ Kf3 46. Rxg2 1-0

[Event "London Classic op 5th"]
[Site "London"]
[Date "2013.12.13"]
[Round "7"]
[White "Cherniaev, Alexander"]
[Black "Buchicchio, Giampaolo"]
[Result "1/2-1/2"]
[WhiteElo "2434"]
[BlackElo "2312"]
[PlyCount "125"]
[EventDate "2013.12.07"]
[EventType "swiss"]
[EventRounds "9"]
[EventCountry "ENG"]
[SourceTitle "CBM 157 Extra"]
[Source "ChessBase"]
[SourceDate "2013.12.19"]
[SourceVersion "1"]
[SourceVersionDate "2013.12.19"]
[SourceQuality "1"]

1. d4 d5 2. Nf3 Nf6 3. g3 c6 4. Bg2 h6 5. c4 Bf5 6. Nc3 e6 7. Qb3 Qc8 8. 0-0 Nbd7 9. Bf4 Be7 10. Rac1 dxc4 11. Qxc4 Nb6 12. Qb3 Nbd5 13. Be5 0-0 14. Nd2 Nxc3 15. bxc3 Nd7 16. Bf4 g5 17. Be3 e5 18. Kh1 Re8 19. f4 exf4 20. gxf4 Nf6 21. fxg5 Ng4 22. g6 Bxg6 23. Bf4 Bg5 24. e4 Ne3 25. Bxe3 Bxe3 26. Rcd1 Bxd2 27. Rxd2 Rxe4 28. c4 Rh4 29. d5 cxd5 30. cxd5 Qc5 31. Qg3 Rd4 32. Rdf2 Rf8 33. Rxf7 Rxf7 34. Qxg6+ Rg7 35. Qe8+ Kh7 36. Be4+ Rxe4 37. Qxe4+ Kg8 38. Qe6+ Kh7 39. Qf5+ Kg8 40. Qe6+ Kh7 41. Qe4+ Kg8 42. Rd1 Qe7 43. Qd3 Qd7 44. Qf3 Qf7 45. Qe4 Qe7 46. Qd3 Qd7 47. Re1 Rg5 48. Rg1 Rxg1+ 49. Kxg1 Qg4+ 50. Kf2 Qf4+ 51. Kg2 Kf8 52. d6 Qg4+ 53. Kf2 Qf4+ 54. Ke1 Qe5+ 55. Kf1 Qa1+ 56. Kg2 Qxa2+ 57. Kg3 Qg8+ 58. Kh4 Qg5+ 59. Kh3 Qh5+ 60. Kg2 Qg5+ 61. Kh1 Qc1+ 62. Kg2 Qg5+ 63. Kh1 1/2-1/2

[Event "Pula op 27th"]
[Site "Pula"]
[Date "2013.06.15"]
[Round "9"]
[White "Buchicchio, Giampaolo"]
[Black "Fucak, Emilijo"]
[Result "1-0"]
[WhiteElo "2309"]
[BlackElo "2205"]
[PlyCount "57"]
[EventDate "2013.06.08"]
[EventType "swiss"]
[EventRounds "9"]
[EventCountry "CRO"]
[SourceTitle "CBM 154 Extra"]
[Source "ChessBase"]
[SourceDate "2013.06.25"]
[SourceVersion "2"]
[SourceVersionDate "2013.06.25"]
[SourceQuality "1"]

1. e4 e6 2. d4 d5 3. Nc3 Bb4 4. e5 b6 5. a3 Bf8 6. b4 Nh6 7. Nf3 c5 8. bxc5 bxc5 9. Bb5+ Bd7 10. Bd3 Nc6 11. dxc5 Ng4 12. Qe2 Bxc5 13. 0-0 h5 14. Nb5 Kf8 15. Bf4 Qb6 16. c4 a6 17. Nd6 dxc4 18. Nxc4 Qa7 19. Rad1 Rb8 20. h3 Nh6 21. Ng5 Ng8 22. Be3 Nd4 23. Qd2 Ba4 24. Rc1 Rd8 25. Nd6 Bxd6 26. exd6 e5 27. Rc7 Qb6 28. Rxf7+ Ke8 29. Bg6 1-0

[Event "Sunningdale e2e4 op"]
[Site "Ascot"]
[Date "2013.05.24"]
[Round "1"]
[White "Buchicchio, Giampaolo"]
[Black "Lunn, Matthew"]
[Result "1-0"]
[WhiteElo "2306"]
[BlackElo "2004"]
[PlyCount "85"]
[EventDate "2013.05.24"]
[EventType "swiss"]
[EventRounds "7"]
[EventCountry "ENG"]
[SourceTitle "CBM 154 Extra"]
[Source "ChessBase"]
[SourceDate "2013.06.25"]
[SourceVersion "2"]
[SourceVersionDate "2013.06.25"]
[SourceQuality "1"]

1. e4 c5 2. c3 d5 3. exd5 Qxd5 4. d4 Nc6 5. Nf3 Bg4 6. Be2 cxd4 7. cxd4 e6 8. h3 Bh5 9. Nc3 Qa5 10. a3 Nf6 11. Qb3 Bxf3 12. Bxf3 Nxd4 13. Qxb7 Nxf3+ 14. Qxf3 Rc8 15. 0-0 Bd6 16. Be3 0-0 17. Bd4 e5 18. Qf5 g6 19. Qg5 h6 20. Qxf6 exd4 21. Qxd4 Be5 22. Qb4 Qxb4 23. axb4 Rfd8 24. Rfe1 Rxc3 25. bxc3 Bxc3 26. Red1 Rxd1+ 27. Rxd1 Bxb4 28. g4 Kg7 29. Rd7 Bc5 30. Kg2 Kf6 31. f4 Ke6 32. Rc7 Bb6 33. Rb7 Kf6 34. Kf3 Bg1 35. Rc7 Ke6 36. Rc2 Kf6 37. Ke4 Bb6 38. Rc6+ Kg7 39. Rd6 Bc5 40. Rd5 Bb6 41. Rd7 Kf6 42. h4 Bf2 43. h5 1-0